00485nam a2200145Ia 4500082001200000100001700012245007400029260007100103300001200174504004100186650003300227650002200260650004100282710001600323 aTR.0403 aRajesh Kumar 0aFinancial management practices in India: an inter-industry comparison c2008bGuru Jambheshwar University of Science and Technology, Hisar axi, 193 aincludes appendices and bibliography aIndustrial managementzIndia aIndustrieszIndia aBusiness enterprisesvFinancezIndia aBodla, B.S.